| 000 | 00702nam a2200229Ii 4500 | ||
|---|---|---|---|
| 003 | JO-AjNU | ||
| 008 | 230605s9999||||xx |||||||||||||| ||und|| | ||
| 017 | _a2005/21801 | ||
| 020 | _a977-270-981-3 | ||
| 040 |
_aJO-AjNU _bara _erda _cJO-AjNU |
||
| 041 | _aara | ||
| 050 | 1 | 4 | _aAC106.Q27.2006 |
| 100 | 3 |
_aالقفاص،نصر, _eauthor _923734 |
|
| 245 | 0 | 0 | _aجنرالات الثقافة |
| 250 | _aط1 | ||
| 264 | 3 | 1 | _aالقاهرة:الدار المصرية اللبنانية ،2006 |
| 300 | _a194ص | ||
| 336 |
_atext _btxt _2rdacontent |
||
| 337 |
_aunmediated _bn _2rdamedia |
||
| 338 |
_avolume _bnc _2rdacarrier |
||
| 650 | 4 |
_aالمقالات العربية - مصر -قرن 20 _923735 |
|
| 999 |
_aA8632 _c12200 _d12200 |
||